Dix années de linguistique théorique et appliquée. (Record no. 57231)

MARC details
000 -LEADER
campo de control de longitud fija 00365nam a2200133 i 4500
001 - NÚMERO DE CONTROL
campo de control 57231
003 - IDENTIFICADOR DE NÚMERO DE CONTROL
campo de control ES-MaACL
007 - CAMPO FIJO DE DESCRIPCIÓN FÍSICA--INFORMACIÓN GENERAL
campo de control de longitud fija t|
008 - DATOS DE LONGITUD FIJA--INFORMACIÓN GENERAL
campo de control de longitud fija 031015s1973 be ||||1| fre d
245 00 - MENCIÓN DEL TÍTULO
Título Dix années de linguistique théorique et appliquée.
260 ## - PUBLICACIÓN, DISTRIBUCIÓN, ETC.
Lugar de publicación, distribución, etc. Mons :
Nombre del editor, distribuidor, etc. Université de l'Etat,
Fecha de publicación, distribución, etc. 1973.
300 ## - DESCRIPCIÓN FÍSICA
Extensión 181 p. ;
Dimensiones 24 cm.
852 ## - LOCALIZACIÓN
Ubicación ES-MaACL
Número de control de estantería E-7714
Sublocalización o colección R.92148
Holdings
Estatus retirado Estado de pérdida Estado de daño No para préstamo Biblioteca de origen Biblioteca actual Ubicación en estantería Fecha de adquisición Fuente de adquisición Total de préstamos Signatura topográfica completa Código de barras Visto por última vez Precio de reemplazo Tipo de ítem Koha
        Biblioteca del Ateneo de Madrid Biblioteca del Ateneo de Madrid Depósito 2 17/01/2008     E-7714 1060089 23/02/2023 23/02/2023 Libro impreso